[Event "Politiken Cup"]
[Site "Helsingor DEN"]
[Date "2009.07.21"]
[Round "5"]
[White "Engelbert,C"]
[Black "Berg,Su"]
[Result "1-0"]
[WhiteElo "2185"]
[BlackElo "2020"]
[EventDate "2009.07.18"]

1. e4 e5 2. Nf3 Nc6 3. Bb5 a6 4. Bxc6 dxc6 5. d4 exd4 6. Qxd4 Qxd4 7. Nxd4
Bc5 8. Be3 Nf6 9. f3 Bd7 10. c3 Be7 11. Nd2 c5 12. Nc2 O-O 13. O-O Be6 14.
Rfd1 Rfd8 15. Nb3 b6 16. Bf4 Ne8 17. Ne3 c6 18. Rxd8 Rxd8 19. Rd1 Rxd1+ 20.
Nxd1 a5 21. Nc1 b5 22. Ne3 Nd6 23. Kf2 Kf8 24. g3 a4 25. Bxd6 Bxd6 26. f4
f6 27. b3 axb3 28. axb3 Bc7 29. c4 Ba5 30. Nd3 Bb6 31. Kf3 Bf7 32. g4 bxc4
33. Nxc4 Ba7 34. h4 Ke7 35. Ke3 Be6 36. g5 Bf7 37. Kf3 Be6 38. f5 Bf7 39.
Kg4 Kf8 40. h5 Ke7 41. h6 g6 42. gxf6+ Kxf6 43. e5+ Ke7 44. f6+ Kd7 45. Kg5
Kd8 46. Nd6 Bxb3 47. f7 Ke7 48. Nc8+ Kxf7 49. Nxa7 c4 50. Nc1 Ba4 51. Ne2
Ke6 52. Nc3 Bb5 53. Kf4 g5+ 54. Ke4 g4 55. Ne2 Kf7 56. Nd4 c3 57. Nc8 Ba4
58. Nd6+ Kf8 59. Ne2 c2 60. Kf4 c1=Q+ 61. Nxc1 Bd1 62. Nd3 Be2 63. Nc5 Ke7
64. Nde4 Kf7 65. e6+ Ke7 66. Ke5 Bd1 67. Ng3 Bc2 68. Nd7 Bg6 69. Nf6 Bc2
70. Nxg4 c5 71. Ne3 Bb3 72. Nd5+ Ke8 73. Nf5 Ba4 74. Nf6+ Kf8 75. Nxh7+ 1-0

[Event "Politiken Cup"]
[Site "Helsingor DEN"]
[Date "2009.07.21"]
[Round "5"]
[White "Eriksson,C"]
[Black "Krumm,J"]
[Result "0-1"]
[WhiteElo "2181"]
[BlackElo "2022"]
[EventDate "2009.07.18"]

1. e4 d5 2. exd5 Qxd5 3. Nc3 Qa5 4. d4 c6 5. Bc4 Nf6 6. Nf3 Bg4 7. h3 Bh5
8. g4 Bg6 9. Bd2 Qd8 10. Bb3 e6 11. Qe2 Bb4 12. O-O-O O-O 13. Rhg1 Bxc3 14.
Bxc3 Be4 15. Bb4 Bxf3 16. Qxf3 Re8 17. c4 Na6 18. Bc3 Nd7 19. d5 cxd5 20.
cxd5 Nac5 21. Bc2 Qg5+ 22. Kb1 e5 23. h4 Qf6 24. Qe2 b6 25. g5 Qd6 26. h5
g6 27. Rh1 Nf8 28. Qe3 a5 29. f4 Ncd7 30. Ba4 Re7 31. fxe5 Nxe5 32. Qd4
gxh5 33. Rhf1 Qg6+ 34. Bc2 Qg7 35. Rde1 Nfd7 36. Ba4 Nc5 37. Bc6 Qg6+ 38.
Ka1 a4 39. Rxe5 Nb3+ 40. axb3 axb3+ 41. Ba4 Rxe5 42. d6 Qe4 43. Rd1 Rxa4+
0-1

[Event "Politiken Cup"]
[Site "Helsingor DEN"]
[Date "2009.07.21"]
[Round "5"]
[White "Bjorneboe,K"]
[Black "Hvenekilde,J"]
[Result "0-1"]
[WhiteElo "2041"]
[BlackElo "2179"]
[EventDate "2009.07.18"]

1. d4 Nf6 2. Nf3 g6 3. Nbd2 d5 4. e3 Bg7 5. Bd3 c5 6. c3 O-O 7. O-O b6 8.
dxc5 bxc5 9. e4 e6 10. c4 Ba6 11. Qe2 Nc6 12. cxd5 Bxd3 13. Qxd3 exd5 14.
exd5 Nb4 15. Qb5 Qxd5 16. Nb3 Nd3 17. Rd1 c4 18. Qxd5 Nxd5 19. Na5 Rac8 20.
Nxc4 N5b4 21. Ne3 a5 22. a3 Nxc1 23. axb4 Bxb2 24. Rxa5 Ne2+ 25. Kf1 Nc3
26. Nd5 Nxd1 27. Ne7+ Kg7 28. Nxc8 Rxc8 29. Ke2 Rd8 30. Ra7 Nc3+ 31. Kf1
Rd1+ 32. Ne1 Nb5 33. Re7 Bc3 0-1

[Event "Politiken Cup"]
[Site "Helsingor DEN"]
[Date "2009.07.21"]
[Round "5"]
[White "Pedersen,NicK"]
[Black "Gandrud,V"]
[Result "0-1"]
[WhiteElo "2014"]
[BlackElo "2169"]
[EventDate "2009.07.18"]

1. d4 d5 2. c4 e6 3. g3 c6 4. Nd2 f5 5. Bg2 Nf6 6. f3 Bb4 7. Qb3 Ba5 8. Nh3
O-O 9. O-O Bb6 10. c5 Bc7 11. Qc3 Nbd7 12. Ng5 Qe7 13. f4 h6 14. Ngf3 a5
15. Ne5 Qe8 16. Ndf3 Ne4 17. Qc2 Ra6 18. Bd2 Nxd2 19. Qxd2 Nf6 20. Nd3 Ne4
21. Qc2 Bd8 22. Nfe5 Kh7 23. e3 Rg8 24. Nf2 Nxf2 25. Rxf2 Qe7 26. Kh1 Bd7
27. g4 g6 28. g5 hxg5 29. fxg5 Kg7 30. Bf3 Be8 31. Rg1 Bc7 32. h4 Rh8 33.
Rh2 Ra7 34. Kg2 Rxh4 35. Rxh4 Qxg5+ 36. Kf1 Qxh4 37. Nxg6 Bxg6 38. Qg2 Qh6
39. Rh1 Qxe3 40. Rg1 Qc1+ 41. Kf2 Qxb2+ 42. Be2 Qxd4+ 43. Ke1 Qc3+ 44. Kd1
Bg3 0-1

[Event "Politiken Cup"]
[Site "Helsingor DEN"]
[Date "2009.07.21"]
[Round "5"]
[White "Nilsson,Anders1"]
[Black "Jorgensen,A"]
[Result "1-0"]
[WhiteElo "2169"]
[BlackElo "1965"]
[EventDate "2009.07.18"]

1. d4 Nf6 2. c4 c5 3. d5 e5 4. Nc3 d6 5. e4 Be7 6. g3 Nbd7 7. Bg2 Nf8 8.
Qd3 Ng6 9. h4 h5 10. Nf3 Bd7 11. Bd2 a6 12. a4 b6 13. Nh2 Qc7 14. Nf1 Nf8
15. f3 g6 16. Bh3 Bxh3 17. Rxh3 N8d7 18. Kf2 a5 19. Ke2 Nb8 20. Ne3 Na6 21.
Rf1 Qd7 22. Rhh1 O-O-O 23. Nb5 Kb7 24. Kd1 Nb4 25. Bxb4 cxb4 26. c5 bxc5
27. Nc4 Ra8 28. Kc2 Rhd8 29. b3 Rf8 30. Rh2 Ne8 31. f4 exf4 32. gxf4 Nc7
33. Nxc7 Kxc7 34. e5 Qf5 35. Qxf5 gxf5 36. Rg2 Rg8 37. Rfg1 Rg4 38. Rxg4
fxg4 39. Kd3 f5 40. Re1 Rd8 41. e6 Ra8 42. Rh1 Kb7 43. Ne3 Rf8 44. Kc4 Kb6
45. Nf1 Ka6 46. Ng3 Kb6 47. Nxh5 g3 48. Nxg3 Rg8 49. Nxf5 Bf6 50. e7 Bxe7
51. Nxe7 Rg3 52. Rc1 Rg4 53. Kd3 Rxf4 54. Rc4 Rf3+ 55. Kc2 Rf2+ 56. Kc1 Rf3
57. Kb2 Kc7 58. Ng6 Kb6 59. Ne7 Kb7 60. Ng6 Rd3 61. Nf4 Rf3 62. Ne6 Kb6 63.
h5 Rh3 64. Ng7 Rh2+ 65. Rc2 Rh3 66. Ka2 Rh1 67. Kb2 Rh3 68. Nf5 Rxh5 69.
Nxd6 Rxd5 70. Nc4+ Ka6 71. Rd2 Rh5 72. Rd6+ Ka7 73. Nxa5 Rh2+ 74. Kc1 Rh1+
75. Kc2 Rh3 76. Nc4 Rh2+ 77. Rd2 Rh3 78. Kb2 Kb7 79. Re2 Kc6 80. Rf2 Rg3
81. Rh2 Rg1 82. a5 Kb5 83. Rd2 Rh1 84. Kc2 Ra1 85. Kd3 Rb1 86. Rb2 Rc1 87.
Ke4 Re1+ 88. Kd5 Rd1+ 89. Ke6 Re1+ 90. Kd6 Rd1+ 91. Rd2 Re1 92. Rd3 Rh1 93.
Kc7 Rh6 94. Rd6 Rh7+ 95. Rd7 Rh6 96. Nd6+ Kxa5 97. Rd8 Rh7+ 98. Kc6 Ra7 99.
Nc4+ Ka6 100. Rb8 Re7 101. Ra8+ Ra7 102. Rxa7+ Kxa7 103. Kxc5 1-0

[Event "Politiken Cup"]
[Site "Helsingor DEN"]
[Date "2009.07.21"]
[Round "5"]
[White "Holst,C"]
[Black "Henrichsen,J"]
[Result "1-0"]
[WhiteElo "2159"]
[BlackElo "1963"]
[EventDate "2009.07.18"]

1. d4 Nf6 2. c4 e6 3. Nc3 Bb4 4. e3 c5 5. Bd3 Nc6 6. Nge2 d5 7. cxd5 exd5
8. O-O O-O 9. a3 cxd4 10. exd4 Bxc3 11. bxc3 Re8 12. Ng3 Be6 13. h3 Rc8 14.
Qf3 Ne7 15. Bg5 Ng6 16. Nh5 Rf8 17. Rac1 Qd6 18. Bxf6 1-0

[Event "Politiken Cup"]
[Site "Helsingor DEN"]
[Date "2009.07.21"]
[Round "5"]
[White "Rasmussen,M2"]
[Black "Vanman,K"]
[Result "0-1"]
[WhiteElo "1958"]
[BlackElo "2158"]
[EventDate "2009.07.18"]

1. d4 e6 2. Nf3 d5 3. c3 f5 4. Bg5 Be7 5. Bxe7 Qxe7 6. e3 Nf6 7. Nbd2 O-O
8. Ne5 Nbd7 9. Ndf3 Nxe5 10. Nxe5 Nd7 11. Nxd7 Bxd7 12. f4 c5 13. Bd3 b5
14. O-O c4 15. Bc2 b4 16. Ba4 Rfb8 17. Bxd7 Qxd7 18. Qd2 Qa4 19. Rfc1 bxc3
20. bxc3 Rb6 21. Rab1 Rab8 22. Rxb6 Rxb6 23. Rc2 Qb5 24. Kf2 a5 25. Ke2 a4
26. Qc1 Qe8 27. Kf2 Qh5 28. h3 Qh4+ 29. Kf1 Qg3 30. a3 Qh4 31. Rb2 Qd8 32.
Qb1 Rb3 33. Ke2 Qb6 34. Rxb3 cxb3 35. Qb2 Qb5+ 36. Kf2 Qd3 37. Ke1 Qxe3+
38. Kd1 Qg1+ 0-1

[Event "Politiken Cup"]
[Site "Helsingor DEN"]
[Date "2009.07.21"]
[Round "5"]
[White "Petersen,Stee1"]
[Black "Tandrup,M"]
[Result "1-0"]
[WhiteElo "2152"]
[BlackElo "1948"]
[EventDate "2009.07.18"]

1. e4 d5 2. exd5 Qxd5 3. Nc3 Qa5 4. d4 Nf6 5. Bc4 c6 6. Nf3 Bg4 7. h3 Bxf3
8. Qxf3 e6 9. Bd2 Nbd7 10. O-O-O Bb4 11. a3 Bxc3 12. Bxc3 Qc7 13. Rhe1
O-O-O 14. Kb1 Nb6 15. Bb3 Rd7 16. g4 h6 17. h4 Qd8 18. g5 hxg5 19. hxg5
Nfd5 20. Bd2 g6 21. Rh1 Rxh1 22. Rxh1 Qg8 23. a4 Rd8 24. a5 Nd7 25. c4 Ne7
26. a6 Nb6 27. Bc3 Qe8 28. Qf6 Nd7 29. Qf4 bxa6 30. d5 e5 31. Bxe5 Nxe5 32.
Qxe5 cxd5 33. cxd5 Qd7 34. Qd4 Nf5 35. Qf6 Nd6 36. Rc1+ Kb8 37. Ka1 Rc8 38.
Rxc8+ Kxc8 39. Qh8+ Qd8 40. Qc3+ Qc7 41. f3 Kb8 42. Kb1 Qb6 43. Ba4 Qg1+
44. Ka2 Qb6 45. Bc6 Kc7 46. Qe5 Qb4 47. Qc3 Qxc3 48. bxc3 Kb6 49. Kb3 Kc5
50. Ka4 Kc4 51. Ka5 Kxc3 52. Kxa6 Kd4 53. Kxa7 Ke3 54. Kb6 Kxf3 55. Kc7 Nf5
56. d6+ Kf4 57. d7 Ng7 58. Bd5 1-0

[Event "Politiken Cup"]
[Site "Helsingor DEN"]
[Date "2009.07.21"]
[Round "5"]
[White "Johansen,J"]
[Black "Jiretorn,E"]
[Result "1/2-1/2"]
[WhiteElo "1968"]
[BlackElo "2150"]
[EventDate "2009.07.18"]

1. e4 c5 2. c3 Nf6 3. e5 Nd5 4. d4 e6 5. Nf3 cxd4 6. cxd4 Nc6 7. Nc3 Nxc3
8. bxc3 d6 9. Bd3 dxe5 10. dxe5 Be7 11. O-O O-O 12. Qe2 f5 13. exf6 Bxf6
14. Rd1 Qa5 15. Rb1 a6 16. Be3 Ne5 17. Nxe5 Qxe5 18. Qg4 Qc7 19. Bc4 Re8
20. Rb6 Kh8 21. Bxe6 Bxe6 22. Rxe6 Rxe6 23. Qxe6 Qxc3 24. Rc1 Qd3 25. Rc8+
Rxc8 26. Qxc8+ Qd8 27. Qxd8+ Bxd8 28. Kf1 Kg8 29. Ke2 Kf7 30. Kd3 Ke6 31.
Kc4 Be7 32. a4 h5 33. h3 g6 34. f3 h4 35. Bb6 g5 36. Kd4 Kf5 37. Kd5 Ba3
38. a5 Bb4 39. Bc7 Ba3 40. Bb6 1/2-1/2

[Event "Politiken Cup"]
[Site "Helsingor DEN"]
[Date "2009.07.21"]
[Round "5"]
[White "Petkovic,P"]
[Black "Botheim,T"]
[Result "1/2-1/2"]
[WhiteElo "2149"]
[BlackElo "1939"]
[EventDate "2009.07.18"]

1. e4 e5 2. Nf3 Nc6 3. Nc3 Nf6 4. Bb5 Bb4 5. Bxc6 bxc6 6. O-O Bxc3 7. bxc3
d6 8. d4 O-O 9. Bg5 h6 10. dxe5 hxg5 11. exf6 Qxf6 12. Qd2 g4 13. Nd4 Bd7
14. Ne2 Rfe8 15. Ng3 Qe5 16. Rab1 Rab8 17. Qe3 c5 18. f4 gxf3 19. gxf3 Rxb1
20. Rxb1 f5 21. f4 Qe7 22. Rb7 Bc6 23. Rxa7 Bxe4 24. Nxe4 fxe4 25. a4 Qh4
26. Rxc7 Qg4+ 27. Qg3 Qd1+ 28. Kg2 Qe2+ 29. Kh3 Qh5+ 30. Kg2 1/2-1/2

[Event "Politiken Cup"]
[Site "Helsingor DEN"]
[Date "2009.07.21"]
[Round "5"]
[White "Hansen,MM"]
[Black "Wihlborn,B"]
[Result "1-0"]
[WhiteElo "2144"]
[BlackElo "1939"]
[EventDate "2009.07.18"]

1. d4 c5 2. d5 e5 3. c4 d6 4. Nc3 Be7 5. e4 Bg5 6. Bd3 Bxc1 7. Qxc1 Nf6 8.
Qg5 O-O 9. Nge2 Re8 10. Ng3 h6 11. Qd2 Nbd7 12. h4 Nf8 13. O-O-O a6 14. f3
Bd7 15. Nf5 Qc7 16. g4 N6h7 17. Rdg1 Reb8 18. g5 h5 19. Ne7+ Kh8 20. g6
Nxg6 21. Nxg6+ fxg6 22. Rxg6 Be8 23. Rg3 b5 24. Rhg1 Ra7 25. f4 Qe7 26.
Rxg7 Qxg7 27. Rxg7 Rxg7 28. fxe5 dxe5 29. Qf2 Bd7 30. Qxc5 bxc4 31. Be2 Bg4
32. Qd6 Re8 33. Bxc4 a5 34. Bb5 Ree7 35. Qd8+ 1-0

[Event "Politiken Cup"]
[Site "Helsingor DEN"]
[Date "2009.07.21"]
[Round "5"]
[White "Brauner,J"]
[Black "Schou Moldt,T"]
[Result "1/2-1/2"]
[WhiteElo "1919"]
[BlackElo "2142"]
[EventDate "2009.07.18"]

1. c4 Nf6 2. Nc3 d6 3. g3 e5 4. Bg2 Nc6 5. e4 Nd4 6. h3 a6 7. Nge2 Be6 8.
d3 Nxe2 9. Qxe2 Qd7 10. Nd5 Ng8 11. O-O Rb8 12. Kh2 b5 13. b3 c6 14. Ne3
Be7 15. Bb2 Qa7 16. Nf5 Bxf5 17. exf5 Rc8 18. f4 Nf6 19. fxe5 dxe5 20. Bxe5
O-O 21. Qf3 Ne8 22. Rae1 Bf6 23. Bxf6 Nxf6 24. g4 h6 25. Qe3 Qd7 26. Rd1
Rfe8 27. Qf2 Qd6+ 28. Kh1 Nd7 29. d4 bxc4 30. bxc4 Qb4 31. Qc2 Re3 32. Rb1
Rc3 33. Rxb4 Rxc2 34. Ra4 Nb6 35. Rxa6 Nxc4 36. Rxc6 Rxc6 37. Bxc6 Rc3 38.
Bg2 Rd3 39. d5 Ne3 40. Rf2 Rd1+ 41. Kh2 Nxg2 42. Kxg2 Rxd5 43. a4 Ra5 44.
Ra2 Kf8 45. Kf3 Ke7 46. Ke4 Kd6 47. Kd4 g6 48. fxg6 fxg6 49. Kc4 h5 50. Kb4
Re5 51. gxh5 Rxh5 52. Ra3 Kc6 53. Rg3 Kb7 54. a5 Rh4+ 55. Kc5 Rh5+ 56. Kd4
Rxa5 57. Rxg6 Rh5 58. Rg3 Kc7 59. Ke4 Kd7 60. Kf4 Ke7 61. Kg4 Rh8 62. Rf3
Rf8 63. Re3+ Kf7 64. Kg5 Kg8 65. h4 Kh8 66. h5 Ra8 67. Re7 1/2-1/2

[Event "Politiken Cup"]
[Site "Helsingor DEN"]
[Date "2009.07.21"]
[Round "5"]
[White "Kragh,N"]
[Black "Nielsen,Pr1"]
[Result "1-0"]
[WhiteElo "2140"]
[BlackElo "1929"]
[EventDate "2009.07.18"]

1. e4 c6 2. d4 d5 3. exd5 cxd5 4. c4 Nf6 5. Nc3 Nc6 6. Nf3 e6 7. c5 Be7 8.
Bb5 Bd7 9. O-O a6 10. Bxc6 Bxc6 11. Ne5 O-O 12. Re1 Be8 13. b4 Nd7 14. Bf4
f6 15. Nd3 Bf7 16. a4 Re8 17. Bg3 Bf8 18. b5 Qa5 19. Rc1 Rac8 20. f4 Nxc5
21. dxc5 Bxc5+ 22. Nxc5 Rxc5 23. Re3 Rec8 24. Be1 Qc7 25. Qd2 Qxf4 26. Ne2
Qxa4 27. bxa6 Qxa6 28. Rec3 b6 29. Bf2 Rc4 30. Rxc4 dxc4 31. Qd7 b5 32. Bd4
Qc6 33. Qxc6 Rxc6 34. Rb1 e5 35. Rxb5 Be6 36. Bc3 g5 37. Rb7 Bf7 38. Kf2
Kg7 39. g4 Kg6 40. Ng3 Be6 41. h3 Rd6 42. Re7 Bf7 43. Rc7 Rd3 44. Bb4 Rb3
45. Bf8 Rb8 46. Be7 Rb2+ 47. Ke1 Rb3 48. Nf5 Rxh3 49. Rc6 h5 50. Rxf6+ Kh7
51. Rxf7+ Kg8 52. Nh6+ 1-0

[Event "Politiken Cup"]
[Site "Helsingor DEN"]
[Date "2009.07.21"]
[Round "5"]
[White "Ochsner,B"]
[Black "Nisbet,A2"]
[Result "1-0"]
[WhiteElo "2119"]
[BlackElo "1982"]
[EventDate "2009.07.18"]

1. e4 d5 2. exd5 Nf6 3. Nf3 Nxd5 4. d4 Bg4 5. Be2 e6 6. O-O Be7 7. h3 Bh5
8. Nbd2 O-O 9. c3 Nd7 10. Ne4 N7f6 11. Ng3 Bg6 12. Ne5 c5 13. dxc5 Bxc5 14.
Bf3 Qc7 15. Nxg6 hxg6 16. Ne4 Nxe4 17. Bxe4 Nf6 18. Bf3 Rad8 19. Qa4 Rd7
20. Bg5 Nh7 21. Bf4 Qc8 22. Rad1 Rfd8 23. Rxd7 Rxd7 24. Rd1 Nf6 25. Rxd7
Nxd7 26. Qe4 b6 27. Qc6 Qxc6 28. Bxc6 e5 29. Bd2 Nb8 30. Bd5 Kf8 31. b4 Bd6
32. Be3 Ke7 33. Kf1 f6 34. Ke2 Na6 35. Kd3 Nc7 36. Bb3 Kd7 37. Bf7 g5 38.
Bb3 Be7 39. Ke4 Ne6 40. Bxe6+ Kxe6 41. f3 f5+ 42. Kd3 Kd5 43. c4+ Kc6 44.
b5+ Kc7 45. a4 Kb7 46. c5 bxc5 47. Kc4 Bd8 48. Kd5 Bc7 49. Bxc5 1-0

[Event "Politiken Cup"]
[Site "Helsingor DEN"]
[Date "2009.07.21"]
[Round "5"]
[White "Andersen,Har"]
[Black "Pedersen,Pet2"]
[Result "0-1"]
[WhiteElo "1901"]
[BlackElo "2119"]
[EventDate "2009.07.18"]

1. e4 c5 2. Nf3 e6 3. d4 cxd4 4. Nxd4 a6 5. a4 Nf6 6. Bd3 d6 7. O-O Qc7 8.
Nc3 Nbd7 9. Be3 b6 10. Qe2 Bb7 11. f3 g6 12. Na2 d5 13. exd5 Nxd5 14. Rfe1
Bg7 15. Rad1 O-O 16. c3 Nc5 17. Bc2 e5 18. Nb3 Nxa4 19. Bf2 Nxb2 20. Rb1
Nf4 21. Qf1 a5 22. Rxb2 Ba6 23. Bxb6 Qxb6+ 24. Qf2 Rfb8 25. Reb1 Ne2+ 26.
Kh1 Qxf2 0-1

[Event "Politiken Cup"]
[Site "Helsingor DEN"]
[Date "2009.07.21"]
[Round "5"]
[White "Karlsson,J"]
[Black "Brorsen,J"]
[Result "1-0"]
[WhiteElo "2118"]
[BlackElo "1911"]
[EventDate "2009.07.18"]

1. Nf3 c5 2. g3 Nf6 3. Bg2 g6 4. d3 Bg7 5. O-O d5 6. c3 O-O 7. Bg5 h6 8.
Be3 Qc7 9. h3 e5 10. d4 cxd4 11. cxd4 e4 12. Nfd2 Nc6 13. Nc3 Be6 14. Nb3
Rad8 15. Rc1 g5 16. Nc5 Bf5 17. Qa4 Qe7 18. b4 a6 19. Qb3 Rd6 20. a4 Rfd8
21. b5 Na5 22. Qb4 Nc4 23. bxa6 bxa6 24. Nxa6 Bc8 25. Nc5 Rb6 26. Nb5 Nh5
27. Rxc4 dxc4 28. Qxc4 Nf6 29. a5 Rc6 30. Qa4 Bf8 31. Nc3 Rc7 32. N3xe4
Nxe4 33. Nxe4 Bxh3 34. Bxh3 Qxe4 35. Bg2 Qg4 36. a6 Ra7 37. Qa5 Rd6 38. Bb7
Qd7 39. Rb1 Qe6 40. Ra1 Qd7 41. d5 Rxb7 42. axb7 Qxb7 43. Rd1 Qc8 44. Qa4
Qf5 45. Qc4 Rd8 46. Bb6 Rc8 47. Qd3 Qf6 48. d6 Ra8 49. Bc7 Qe5 50. e4 Rc8
51. Qd5 Qc3 52. Ba5 Qa3 53. d7 1-0

[Event "Politiken Cup"]
[Site "Helsingor DEN"]
[Date "2009.07.21"]
[Round "5"]
[White "Haarr,J"]
[Black "Rolvaag,B"]
[Result "1-0"]
[WhiteElo "2110"]
[BlackElo "1906"]
[EventDate "2009.07.18"]

1. e4 c5 2. d4 cxd4 3. c3 dxc3 4. Nxc3 Nc6 5. Nf3 d6 6. Bc4 a6 7. Bg5 Bg4
8. Qb3 Bh5 9. g4 Bg6 10. h4 h5 11. Qxb7 Na5 12. Qd5 hxg4 13. Nd4 Qc8 14.
Qxa5 Qxc4 15. Ncb5 Kd7 16. Rc1 axb5 17. Qxa8 Qxd4 18. Qc8+ 1-0

[Event "Politiken Cup"]
[Site "Helsingor DEN"]
[Date "2009.07.21"]
[Round "5"]
[White "Hoel,J"]
[Black "Peschardt,S"]
[Result "1/2-1/2"]
[WhiteElo "1879"]
[BlackElo "2102"]
[EventDate "2009.07.18"]

1. c4 e5 2. g3 d6 3. Bg2 f5 4. Nc3 Nf6 5. d3 Be7 6. e4 Nc6 7. Nge2 O-O 8.
O-O Be6 9. b3 Qd7 10. d4 exd4 11. Nxd4 Nxd4 12. Qxd4 fxe4 13. Bb2 Bh3 14.
Nxe4 Bxg2 15. Kxg2 Qf5 16. Rae1 Rae8 17. Nc3 Bd8 18. Nd5 c6 19. Ne3 Qe4+
20. Qxe4 Nxe4 21. Rd1 Ba5 22. Nc2 Re6 23. b4 Bb6 24. Bd4 Bxd4 25. Rxd4 c5
26. bxc5 dxc5 27. Rd7 Rb6 28. Re7 Nf6 29. Ne3 g6 30. Nd5 Rb2 31. a4 Ng4 32.
Nf4 Rf7 33. Re8+ Rf8 34. Re7 Rf7 35. Re8+ Rf8 1/2-1/2

[Event "Politiken Cup"]
[Site "Helsingor DEN"]
[Date "2009.07.21"]
[Round "5"]
[White "Bratholm,P"]
[Black "Nielsen,Pa"]
[Result "1-0"]
[WhiteElo "2098"]
[BlackElo "1877"]
[EventDate "2009.07.18"]

1. d4 d5 2. Nf3 c6 3. c4 Nf6 4. Nc3 Nbd7 5. e3 e6 6. Bd3 dxc4 7. Bxc4 Be7
8. a4 O-O 9. O-O b6 10. e4 Re8 11. Ng5 h6 12. Nh3 c5 13. e5 Nh7 14. Qf3 Rb8
15. Rd1 g5 16. Be3 Qc7 17. Nb5 Qb7 18. Qg3 a6 19. Nc3 Kh8 20. d5 Ndf8 21.
Qf3 Bd8 22. Qh5 Ng6 23. Qxh6 Nxe5 24. Nxg5 Bxg5 25. Bxg5 Ng4 26. Qh5 Rg8
27. Ne4 Rg6 28. h3 Rxg5 29. Nxg5 Ngf6 30. Qh6 Qe7 31. d6 Qe8 32. Bd3 Qg8
33. Bxh7 Nxh7 34. Nxh7 Qxh7 35. Qf8+ Qg8 36. Qxg8+ Kxg8 37. d7 1-0

[Event "Politiken Cup"]
[Site "Helsingor DEN"]
[Date "2009.07.21"]
[Round "5"]
[White "Nielsen,Aa"]
[Black "Bruun,H"]
[Result "1-0"]
[WhiteElo "1932"]
[BlackElo "2093"]
[EventDate "2009.07.18"]

1. e4 e5 2. Bc4 Nc6 3. Nc3 Bc5 4. d3 d6 5. a3 Be6 6. Nd5 Bxd5 7. Bxd5 Nf6
8. Ba2 Qe7 9. Be3 Bxe3 10. fxe3 O-O 11. Qf3 b5 12. Ne2 Qd7 13. h3 Ne7 14.
g4 h6 15. Ng3 c6 16. Nf5 Nxf5 17. exf5 e4 18. Qg3 exd3 19. cxd3 d5 20. O-O
Qe7 21. Rae1 Rfe8 22. g5 hxg5 23. Qxg5 Nh7 24. Qg4 Qg5 25. Qxg5 Nxg5 26. h4
Nh7 27. Kf2 Nf6 28. Kf3 Re5 29. Kf4 Rae8 30. Rf3 c5 31. Rh3 c4 32. Bb1 Nd7
33. d4 R5e7 34. h5 f6 35. Rg1 Nf8 36. h6 Nh7 37. Rhg3 Ng5 38. Rxg5 fxg5+
39. Rxg5 Rf8 40. e4 dxe4 41. Bxe4 Kh7 42. hxg7 Rxg7 43. Rh5+ Kg8 44. Bd5+
Rff7 45. Rh6 Kf8 46. Bxf7 Kxf7 47. Ke5 Rg2 48. Rh7+ Ke8 49. Ke6 Re2+ 50.
Kd6 Rxb2 51. Kc5 c3 52. Rh1 a5 53. d5 c2 54. Re1+ Kf7 55. Rc1 b4 56. d6
bxa3 57. d7 Ke7 58. Kc6 Rb8 59. Re1+ Kf6 60. Kc7 Ra8 61. d8=Q+ Rxd8 62.
Kxd8 Kxf5 63. Kc7 a2 64. Kc6 Kf4 65. Kc5 Kf3 66. Kc4 Kf2 67. Ra1 Ke3 68.
Kc3 Ke4 69. Kxc2 1-0

[Event "Politiken Cup"]
[Site "Helsingor DEN"]
[Date "2009.07.21"]
[Round "5"]
[White "Johansen,St"]
[Black "Dalberg,P"]
[Result "1-0"]
[WhiteElo "1874"]
[BlackElo "2088"]
[EventDate "2009.07.18"]

1. e4 c5 2. Nf3 Nc6 3. d4 cxd4 4. Nxd4 g6 5. c4 Bg7 6. Be3 Nf6 7. f3 O-O 8.
Nc3 d6 9. Qd2 Bd7 10. Be2 a5 11. O-O Nxd4 12. Bxd4 Bc6 13. Rac1 Nd7 14.
Rfd1 b6 15. Nd5 Nc5 16. Qg5 Ra7 17. Qe3 Bxd4 18. Qxd4 Qb8 19. Rb1 e5 20.
Nf6+ Kg7 21. Qxd6 Ne6 22. Ng4 1-0

[Event "Politiken Cup"]
[Site "Helsingor DEN"]
[Date "2009.07.21"]
[Round "5"]
[White "Palvig,D"]
[Black "Jensen,SorenG"]
[Result "1-0"]
[WhiteElo "1868"]
[BlackElo "2082"]
[EventDate "2009.07.18"]

1. d4 Nf6 2. Nf3 e6 3. Bf4 c5 4. e3 b6 5. Bd3 Bb7 6. Nbd2 cxd4 7. exd4 Be7
8. O-O O-O 9. c3 Nh5 10. Be3 f5 11. Ne5 d6 12. Qxh5 dxe5 13. Nc4 e4 14. Bc2
f4 15. Bd2 Qd5 16. Ne5 Nd7 17. Bb3 Qd6 18. Nxd7 Qxd7 19. Qg4 Rf6 20. Bxf4
Rg6 21. Qe2 Rf8 22. Qe3 Bd6 23. Bxd6 Qxd6 24. Bd1 Rf4 25. g3 h5 26. Bxh5
Rg5 27. h3 e5 28. Kh2 Rf6 29. Qxg5 1-0

[Event "Politiken Cup"]
[Site "Helsingor DEN"]
[Date "2009.07.21"]
[Round "5"]
[White "Stray,G"]
[Black "Lyngsjo,G"]
[Result "1-0"]
[WhiteElo "2076"]
[BlackElo "1829"]
[EventDate "2009.07.18"]

1. d4 d5 2. Nf3 Nf6 3. e3 e6 4. Bd3 c5 5. b3 Nc6 6. O-O Be7 7. Bb2 O-O 8.
a3 Re8 9. Nbd2 a6 10. Ne5 cxd4 11. exd4 Qc7 12. f4 Qb6 13. Ndf3 Ne4 14.
Bxe4 dxe4 15. Nc4 Qc7 16. Ng5 Bxg5 17. fxg5 Rd8 18. Qg4 e5 19. Qxe4 exd4
20. Rad1 Be6 21. Rd3 b5 22. Nd2 Re8 23. Qf4 Qxf4 24. Rxf4 Rad8 25. Bxd4
Nxd4 26. Rfxd4 Rxd4 27. Rxd4 Rc8 28. c4 Kf8 29. Kf2 Ke7 30. Ke3 Rc5 31. h4
Re5+ 32. Kd3 Rc5 33. b4 bxc4+ 34. Nxc4 Rc6 35. g4 Bc8 36. a4 Be6 37. b5
axb5 38. axb5 Rc5 39. Na3 Bd7 40. Rb4 Bc8 41. Kd4 Rc1 42. b6 Bb7 43. Rc4
Rd1+ 44. Ke3 Rd7 45. Nb5 Rd5 46. Nc3 Rd6 47. Na4 Bd5 48. Rb4 Rd8 49. Nc5
Kd6 50. Na6 Rd7 51. Kf4 Rb7 52. Nc7 Bc6 53. Rb2 Kc5 54. Na6+ Kd6 55. h5 Be8
56. h6 gxh6 57. gxh6 Bd7 58. g5 Kc6 59. Nc7 Kd6 60. Rd2+ Ke7 61. Ke5 Be6
62. Rd6 Bb3 63. Nd5+ Ke8 64. Nf6+ Ke7 65. Nxh7 Rb8 66. Nf6 Be6 67. h7 Rh8
68. b7 Bh3 69. Ng8+ 1-0

[Event "Politiken Cup"]
[Site "Helsingor DEN"]
[Date "2009.07.21"]
[Round "5"]
[White "Larsen,TorKe"]
[Black "Ostlund,M"]
[Result "1/2-1/2"]
[WhiteElo "2074"]
[BlackElo "1827"]
[EventDate "2009.07.18"]

1. e4 e6 2. f4 d5 3. e5 c5 4. Nf3 Nc6 5. c3 Nh6 6. Na3 Nf5 7. d3 Be7 8. g3
O-O 9. Nc2 f6 10. g4 Nh6 11. exf6 gxf6 12. Qe2 Kh8 13. Rg1 Nf7 14. Bd2 Rg8
15. Qf2 e5 16. f5 e4 17. dxe4 dxe4 18. Nh4 Nce5 19. O-O-O Nxg4 20. Rxg4
Rxg4 21. Be2 Rxh4 22. Bg5 Qxd1+ 23. Bxd1 fxg5 24. Ne3 Bd6 25. Bb3 Rxh2 26.
Qg1 Bf4 27. Bxf7 Re2 28. Qd1 Bxe3+ 29. Kb1 Rd2 30. Qg4 Bxf5 31. Qxf5 Rd1+
32. Kc2 Rd2+ 33. Kb3 Kg7 34. Qxe4 Bf4 35. Qe7 Rd6 36. Be6+ Kh6 37. Qf6+ Kh5
38. Qf7+ Kh6 39. Bf5 Rh8 40. Be6 Rhd8 41. Qf6+ 1/2-1/2

[Event "Politiken Cup"]
[Site "Helsingor DEN"]
[Date "2009.07.21"]
[Round "5"]
[White "Frisvold,O"]
[Black "Nielsen,Bo1"]
[Result "1-0"]
[WhiteElo "1827"]
[BlackElo "2073"]
[EventDate "2009.07.18"]

1. d4 d5 2. c4 e6 3. Nf3 Nf6 4. Bg5 Be7 5. e3 O-O 6. Nc3 Nbd7 7. Rc1 c6 8.
a3 a6 9. Bd3 dxc4 10. Bxc4 Nd5 11. Bxe7 Qxe7 12. O-O Nxc3 13. Rxc3 e5 14.
Nxe5 Nxe5 15. dxe5 Qxe5 16. Qc2 Bf5 17. Bd3 Bxd3 18. Rxd3 Rad8 19. Rfd1 Qf6
20. Qc3 Qxc3 21. bxc3 Rxd3 22. Rxd3 g6 23. Kf1 f6 24. Ke2 Rf7 25. Rd6 Kg7
26. Kd3 Rc7 27. c4 Kf7 28. c5 Ke7 29. Kc4 Rc8 30. Rd2 Ke6 31. Kb4 Rc7 32.
Ka5 h5 33. Kb6 g5 34. Kxc7 1-0

[Event "Politiken Cup"]
[Site "Helsingor DEN"]
[Date "2009.07.21"]
[Round "5"]
[White "Knoth,M"]
[Black "Ramme,C"]
[Result "1/2-1/2"]
[WhiteElo "1856"]
[BlackElo "2048"]
[EventDate "2009.07.18"]

1. d4 Nf6 2. c4 c5 3. Nf3 cxd4 4. Nxd4 e5 5. Nb5 d5 6. cxd5 Bc5 7. Qc2 Na6
8. N1c3 Nb4 9. Qb3 Bf5 10. Na3 O-O 11. e3 e4 12. Bd2 Be7 13. Nc2 Nbxd5 14.
Be2 a6 15. O-O b5 16. Rfd1 Be6 17. Nd4 Nxc3 18. Qxc3 Qc8 19. Nxe6 Qxe6 20.
Qb3 Qf5 21. Bc3 Rad8 22. Rxd8 Rxd8 23. Rd1 Nd5 24. a3 Bh4 25. Be1 Bf6 26.
h3 h6 27. Bg4 Qe5 28. Bc3 Nxc3 29. Rxd8+ Bxd8 30. Qxc3 Qd6 31. Qd4 Qxd4 32.
exd4 Bf6 33. Bc8 a5 34. Ba6 Bxd4 35. Bxb5 Bxb2 36. a4 Bd4 37. Kf1 g6 38.
Ke2 Kg7 39. Bc6 f5 40. Bd5 Kf6 41. Bc4 h5 42. f3 h4 43. fxe4 fxe4 44. Bd5
Ke5 45. Bc6 Kf4 46. Bd5 Bb6 47. Bc6 g5 1/2-1/2